KOHA-Header-6

Learning Python (Record no. 1959)

000 -LEADER
fixed length control field 00268nam a2200121Ia 4500
008 - FIXED-LENGTH DATA ELEMENTS--GENERAL INFORMATION
fixed length control field 190723s9999 xx 000 0 und d
100 ## - MAIN ENTRY--PERSONAL NAME
Personal name Mark Lutz
245 #0 - TITLE STATEMENT
Title Learning Python
250 ## - EDITION STATEMENT
Edition statement 5th
260 ## - PUBLICATION, DISTRIBUTION, ETC. (IMPRINT)
Place of publication, distribution, etc Karachi
Name of publisher, distributor, etc O'Reilly
Date of publication, distribution, etc 2013
300 ## - PHYSICAL DESCRIPTION
Extent 1540:p
942 ## - ADDED ENTRY ELEMENTS (KOHA)
Koha item type Books
Holdings
Withdrawn status Lost status Source of classification or shelving scheme Damaged status Not for loan Collection code Permanent Location Current Location Shelving location Date acquired Total Checkouts Total Renewals Full call number Barcode Checked out Date last seen Date checked out Price effective from Koha item type
          Computer Languages MAJU MAJU Shelf No.A33 2019-07-23 6 4 6.63 8582 2024-11-02 2024-10-19 2024-10-19 2019-07-23 Computer Languages

Powered by Koha